Učitavanje...

Islam and capitalism /

Bibliografski detalji
Glavni autor: Rodinson, Maxime
Daljnji autori: Brian Pearce (Prevodilac)
Format: Printed Book
Jezik:English
Izdano: Allen Lane, 1974.
LEADER 00507nam a2200145Ia 4500
008 150624b xxu||||| |||| 00| 0 eng d
082 |a 297.124 
100 |a Rodinson, Maxime 
245 |a Islam and capitalism /  |c Maxime Rodinson, translated by Brian Pearce 
260 |b Allen Lane,  |c 1974. 
300 |a 308 p. 
700 |a Brian Pearce  |e translator. 
942 |c BK 
999 |c 12372  |d 12372 
952 |0 0  |1 0  |4 0  |6 297_124000000000000_ROD_I  |7 0  |9 12371  |a UL  |b UL  |c ST2  |d 1998-08-28  |l 0  |o 297.124 ROD/I  |p 18385  |r 2012-10-27  |w 2012-10-27  |y BK